Tố Hữu- Về tác gia và tác phẩm
Một số nét về tiểu sử nhà thơ Hồ Xuân Hương. Thơ Hồ Xuân Hương qua các chuyên luận và giáo trình lịch sử văn học. Một số bài tiểu luận và bình giảng về các bài thơ tiêu biểu: Mời trầu, bánh trôi nước, tình tự..
Sparad:
| Övriga upphovsmän: | , , , , |
|---|---|
| Materialtyp: | Bok |
| Språk: | Vietnamese |
| Publicerad: |
H.
Giáo dục
2001
|
| Ämnen: | |
| Taggar: |
Lägg till en tagg
Inga taggar, Lägg till första taggen!
|
| Thư viện lưu trữ: | Mạng thư viện Đại học Đà Nẵng |
|---|
| LEADER | 01579nam a2200409 4500 | ||
|---|---|---|---|
| 001 | 000014167 | ||
| 003 | 10524 | ||
| 005 | 20120405160426.0 | ||
| 008 | 120405s2001 viesd | ||
| 020 | |c 60000 | ||
| 041 | 0 | |a vie | |
| 082 | |a 895.9221 |b TO-H | ||
| 245 | 0 | |a Tố Hữu- Về tác gia và tác phẩm |c Mai Hương |c Phong Lan | |
| 260 | |a H. |b Giáo dục |c 2001 | ||
| 300 | |a 920 tr |b chân dung |c 24 cm | ||
| 520 | |a Một số nét về tiểu sử nhà thơ Hồ Xuân Hương. Thơ Hồ Xuân Hương qua các chuyên luận và giáo trình lịch sử văn học. Một số bài tiểu luận và bình giảng về các bài thơ tiêu biểu: Mời trầu, bánh trôi nước, tình tự.. | ||
| 653 | |a Văn học Việt Nam | ||
| 653 | |a Hồ Xuân Hương | ||
| 653 | |a Nhà thơ | ||
| 653 | |a Tác phẩm | ||
| 653 | |a Tác giả | ||
| 700 | |a Hà Minh Đức |e Tác giả | ||
| 700 | |a Nguyễn Hữu Sơn |e Tác giả | ||
| 700 | |a Vũ Thanh | ||
| 700 | |a Nguyễn Lộc |e Tác giả | ||
| 700 | |a Đào Thái Tôn |e Tác giả | ||
| 910 | |a Nguyễn Thị Kim Oanh |d 18/ 07/ 2011 | ||
| OWN | |a LSP | ||
| AVA | |a UDN50 |b LSP |d 895.9221 TO-H |e available |t Error 5001 Not defined in file expand_doc_bib_avail. |f 2 |g 0 |h N |i 0 |k 1 | ||
| 999 | |a From the UDN01 | ||
| AVA | |a UDN50 |b LSP |d 895.9221 TO-H |e available |t Error 5001 Not defined in file expand_doc_bib_avail. |f 2 |g 0 |h N |i 0 |k 1 | ||
| TYP | |a Monograph | ||
| TYP | |a Printed language | ||
| 980 | |a Mạng thư viện Đại học Đà Nẵng | ||